5HLuxD.jpg

KING HENRY VIII SENIOR AND PRIMARY SCHOOL LIBRARY OPAC

EVERYTHING DINOSAURS (Record no. 4372)

000 -LEADER
fixed length control field 00341nam a22001217a 4500
008 - FIXED-LENGTH DATA ELEMENTS--GENERAL INFORMATION
fixed length control field 250212b ||||| |||| 00| 0 eng d
020 ## - INTERNATIONAL STANDARD BOOK NUMBER
International Standard Book Number 9780008267797
082 ## - DEWEY DECIMAL CLASSIFICATION NUMBER
Classification number 567.9
100 ## - MAIN ENTRY--PERSONAL NAME
Personal name HOENA,BLAKE
Relator term AUTHOR
245 ## - TITLE STATEMENT
Title EVERYTHING DINOSAURS
260 ## - PUBLICATION, DISTRIBUTION, ETC.
Place of publication, distribution, etc. WESTERHILL ROAD.BISHOP BRIGGS.GLASGOW G64 2QT
Name of publisher, distributor, etc. HARPER COLLINS PUBLISHERS
942 ## - ADDED ENTRY ELEMENTS (KOHA)
Source of classification or shelving scheme
Holdings
Withdrawn status Lost status Source of classification or shelving scheme Damaged status Not for loan Collection code Permanent Location Current Location Shelving location Date acquired Total Checkouts Full call number Barcode Date due Date last seen Date last checked out Price effective from Koha item type Public note
          Non-Fiction KH8 Primary School Library KH8 Primary School Library Non Fiction 2025-02-12 9 567.9 HOE KHPL000006050 2026-04-27 2026-04-17 2026-04-17 2025-02-12 Books - Non Ficton KH8 PRIMARY LIBRARY

Powered By KH8 IT Dept